[Event "Lonigo CIS 54th Serie B Girone 6"]
[Site "Lonigo"]
[Date "2023.05.20"]
[Round "3.1"]
[White "Guarnieri, Matteo"]
[Black "Scotti, Mirko"]
[Result "1-0"]
[WhiteElo "1969"]
[BlackElo "1941"]
[PlyCount "73"]
[EventDate "2023.05.19"]
[EventType "team-tourn"]
[EventRounds "5"]
[EventCountry "ITA"]
[SourceTitle "EXT 2024"]
[Source "ChessBase"]
[SourceDate "2023.10.10"]
[SourceVersion "1"]
[SourceVersionDate "2023.10.10"]
[SourceQuality "1"]
[WhiteTeam "Venezia Nono Risorto"]
[BlackTeam "Verona Battinelli"]
[WhiteTeamCountry "ITA"]
[BlackTeamCountry "ITA"]

1. d4 d6 2. e4 c6 3. c4 Nd7 4. Nf3 Qc7 5. Nc3 e5 6. Be2 Ngf6 7. h3 Be7 8. Be3 0-0 9. d5 Re8 10. g4 Nf8 11. g5 N6d7 12. h4 g6 13. h5 gxh5 14. Rxh5 Ng6 15. Qd2 Bf8 16. 0-0-0 c5 17. Rdh1 Bg7 18. Rxh7 Ndf8 19. R7h2 a6 20. Nh4 Nxh4 21. Rxh4 Ng6 22. R4h2 Bd7 23. Qd1 Qa5 24. Bg4 Qc7 25. Bf5 Reb8 26. Qh5 Be8 27. Qh7+ Kf8 28. Bxg6 fxg6 29. Qh8+ Bxh8 30. Rxh8+ Ke7 31. R1h7+ Bf7 32. Rxf7+ Kxf7 33. Rh7+ Kg8 34. Rxc7 b5 35. Rc6 b4 36. Ne2 Rd8 37. f4 1-0

[Event "Lonigo CIS 54th Serie B Girone 6"]
[Site "Lonigo"]
[Date "2023.05.19"]
[Round "1.1"]
[White "Zamengo, Fulvio"]
[Black "Scotti, Mirko"]
[Result "1-0"]
[WhiteElo "2353"]
[BlackElo "1941"]
[PlyCount "111"]
[EventDate "2023.05.19"]
[EventType "team-tourn"]
[EventRounds "5"]
[EventCountry "ITA"]
[SourceTitle "EXT 2024"]
[Source "ChessBase"]
[SourceDate "2023.10.10"]
[SourceVersion "1"]
[SourceVersionDate "2023.10.10"]
[SourceQuality "1"]
[WhiteTeam "Marostica Pizzato Elettrica"]
[BlackTeam "Verona Battinelli"]
[WhiteTeamCountry "ITA"]
[BlackTeamCountry "ITA"]

1. e4 d6 2. d4 c6 3. Nc3 Nd7 4. Nf3 Qc7 5. a4 e5 6. Bc4 Be7 7. 0-0 Ngf6 8. Re1 0-0 9. h3 h6 10. Bb3 Re8 11. d5 Nf8 12. a5 Bd7 13. Qe2 c5 14. a6 Reb8 15. axb7 Rxb7 16. Nd2 Qb8 17. Nc4 Bd8 18. f4 Ng6 19. fxe5 dxe5 20. Be3 Bb6 21. Qf2 Nh5 22. Bxc5 Bxc5 23. Qxc5 Nhf4 24. Re3 Qd8 25. Kh2 Qh4 26. Rf1 Qh5 27. d6 Rc8 28. Qa5 Be6 29. Nd2 Rd7 30. Bxe6 Nxe6 31. Nf3 Ngf4 32. Qxe5 Qxe5 33. Nxe5 Rxd6 34. Rf2 f6 35. Nd3 Ng6 36. Nd5 Nd4 37. c3 Nc6 38. c4 a5 39. b3 Re8 40. Nc5 Nb4 41. Rg3 Kf7 42. Nxb4 axb4 43. Ra2 Re7 44. Ra4 Rb6 45. Nd3 Rxe4 46. Rxb4 Rxb4 47. Nxb4 Ne5 48. Rc3 Nd7 49. Nd5 Ke6 50. Kg1 Kd6 51. Kf2 f5 52. Ne3 g6 53. b4 Ke5 54. Rd3 Nb6 55. c5 Rxb4 56. cxb6 1-0

[Event "Basso Veronese 2nd"]
[Site "Casaleone"]
[Date "2009.11.14"]
[Round "4"]
[White "Scotti, Mirko"]
[Black "Ricci, Alfredo"]
[Result "0-1"]
[WhiteElo "2068"]
[BlackElo "1958"]
[PlyCount "108"]
[EventDate "2009.11.07"]
[EventType "tourn"]
[EventRounds "7"]
[EventCountry "ITA"]
[SourceTitle "EXT 2012"]
[Source "ChessBase"]
[SourceDate "2011.11.24"]
[SourceVersion "1"]
[SourceVersionDate "2011.11.24"]
[SourceQuality "1"]

1. b4 Nf6 2. Bb2 g6 3. c4 Bg7 4. d4 0-0 5. Nf3 d5 6. e3 Bg4 7. Nc3 c6 8. Be2 Nbd7 9. 0-0 e6 10. Qb3 Ne4 11. Rfd1 f5 12. Rac1 f4 13. cxd5 Nxc3 14. Rxc3 exd5 15. e4 Nb6 16. a4 Kh8 17. e5 Be6 18. Nd2 a5 19. b5 cxb5 20. Bxb5 g5 21. Ba3 g4 22. Bxf8 Bxf8 23. Qc2 Bb4 24. Rb3 Rc8 25. Qb1 Qf8 26. Nf1 Nc4 27. Qa1 h5 28. Rbb1 h4 29. Bxc4 dxc4 30. d5 Bf5 31. Rbc1 c3 32. d6 Qg7 33. Re1 Qd7 34. Qa2 h3 35. Qd5 hxg2 36. Kxg2 Be6 37. Qd4 Rc4 38. Qd3 Qf7 39. Red1 Rc8 40. Kg1 Kg7 41. Re1 Kh6 42. Re4 Kg5 43. Rd4 Bd7 44. Rd5 Qe6 45. Rd4 Qf5 46. Qe2 Re8 47. Re1 Re6 48. Rc4 Bxa4 49. Rc7 Bxd6 50. Rg7+ Kh5 51. h3 Kh6 52. hxg4 Qxe5 53. Qxe5 Rxe5 54. Rxe5 Bxe5 0-1